Light power : (Record no. 49737)
[ view plain ]
| 000 -LEADER | |
|---|---|
| fixed length control field | 02412nam a2200397 a 4500 |
| 003 - CONTROL NUMBER IDENTIFIER | |
| control field | WSP |
| 005 - DATE AND TIME OF LATEST TRANSACTION | |
| control field | 20260416153409.0 |
| 008 - FIXED-LENGTH DATA ELEMENTS--GENERAL INFORMATION | |
| fixed length control field | 191010s2021 si o 000 0 eng d |
| 020 ## - INTERNATIONAL STANDARD BOOK NUMBER | |
| International Standard Book Number | 9789811231322 |
| -- | (ebook) |
| 020 ## - INTERNATIONAL STANDARD BOOK NUMBER | |
| International Standard Book Number | 981123132X |
| -- | (ebook) |
| 020 ## - INTERNATIONAL STANDARD BOOK NUMBER | |
| Cancelled/invalid ISBN | 9789811231315 |
| -- | (hbk.) |
| 020 ## - INTERNATIONAL STANDARD BOOK NUMBER | |
| Cancelled/invalid ISBN | 9811231311 |
| -- | (hbk.) |
| 072 #7 - SUBJECT CATEGORY CODE | |
| Subject category code | SCI |
| Subject category code subdivision | 024000 |
| Source | bisacsh |
| 072 #7 - SUBJECT CATEGORY CODE | |
| Subject category code | TEC |
| Subject category code subdivision | 031010 |
| Source | bisacsh |
| 072 #7 - SUBJECT CATEGORY CODE | |
| Subject category code | TEC |
| Subject category code subdivision | 021020 |
| Source | bisacsh |
| 082 04 - DEWEY DECIMAL CLASSIFICATION NUMBER | |
| Classification number | 621.31244 |
| Edition number | 23 |
| 049 ## - LOCAL HOLDINGS (OCLC) | |
| Holding library | MAIN |
| 245 00 - TITLE STATEMENT | |
| Title | Light power : |
| Remainder of title | half a century of solar electricity research. |
| Statement of responsibility, etc | edited by David Faiman. |
| 246 30 - VARYING FORM OF TITLE | |
| Title proper/short title | 20th century photovoltaic systems |
| 260 ## - PUBLICATION, DISTRIBUTION, ETC. (IMPRINT) | |
| Place of publication, distribution, etc | Singapore : |
| Name of publisher, distributor, etc | World Scientific, |
| Date of publication, distribution, etc | 2021. |
| 300 ## - PHYSICAL DESCRIPTION | |
| Extent | 1 online resource (328 p.). |
| 505 0# - FORMATTED CONTENTS NOTE | |
| Contents | Photovoltaic power from the perspective of 1986 -- 1988 -- 1991 -- 1993 -- 1994 -- 1996 -- 1997 -- 1999. |
| 520 ## - SUMMARY, ETC. | |
| Summary, etc | "This is the second volume of a 3-volume history of solar power generating systems covering the approximately 50 years of research and development surrounding the energy crisis of 1973. Volume 1 covered solar-thermal systems. The present volume covers photovoltaic systems in the 20th century. Volume 3 will cover photovoltaic developments from the start of the 21st century. The history is based upon keynote lectures given by international specialists at the Sede Boqer Symposia on Solar Electric Power Production, a series that commenced in 1986. The lectures document many technical details that have become hard to find, including some pertaining to technologies that were successfully demonstrated but subsequently discontinued owing to their not having been deemed to be cost-effective at the time. However, in the event that different economic considerations may ensue, these volumes can provide a valuable starting point, including references, for the re-investigation of some of those once abandoned ideas."-- |
| 650 #0 - SUBJECT ADDED ENTRY--TOPICAL TERM | |
| Topical term or geographic name as entry element | Solar power plants |
| 650 #0 - SUBJECT ADDED ENTRY--TOPICAL TERM | |
| Topical term or geographic name as entry element | Solar energy |
| 700 1# - ADDED ENTRY--PERSONAL NAME | |
| Personal name | Faiman, D. |
| 856 40 - ELECTRONIC LOCATION AND ACCESS | |
| Uniform Resource Identifier | <a href="https://www.worldscientific.com/worldscibooks/10.1142/12134#t=toc">https://www.worldscientific.com/worldscibooks/10.1142/12134#t=toc</a> |
| 942 ## - ADDED ENTRY ELEMENTS (KOHA) | |
| Koha item type | Electronic Books |
| 245 00 - TITLE STATEMENT | |
| Number of part/section of a work | Volume 2, |
| Name of part/section of a work | 20th century photovoltaic systems / |
| 520 ## - SUMMARY, ETC. | |
| -- | Publisher's website. |
| 538 ## - SYSTEM DETAILS NOTE | |
| System details note | Mode of access: World Wide Web. |
| 538 ## - SYSTEM DETAILS NOTE | |
| System details note | System requirements: Adobe Acrobat Reader. |
| 650 #0 - SUBJECT ADDED ENTRY--TOPICAL TERM | |
| General subdivision | History. |
| 650 #0 - SUBJECT ADDED ENTRY--TOPICAL TERM | |
| General subdivision | History. |
| 655 #0 - INDEX TERM--GENRE/FORM | |
| Genre/form data or focus term | Electronic books. |
| Withdrawn status | Lost status | Source of classification or shelving scheme | Damaged status | Not for loan | Home library | Location | Date of Cataloging | Total Checkouts | Full call number | Barcode | Date last seen | Uniform Resource Identifier | Price effective from | Koha item type |
|---|---|---|---|---|---|---|---|---|---|---|---|---|---|---|
| Dewey Decimal Classification | CUTN Central Library | CUTN Central Library | 16/04/2026 | 621.31244 | EB04971 | 16/04/2026 | https://doi.org/10.1142/12134 | 16/04/2026 | Electronic Books |
